বাংলাদেশের প্রাচীন কীর্তি / (Record no. 77154)
[ view plain ]
| 000 -LEADER | |
|---|---|
| fixed length control field | 00966nam a2200229 a 4500 |
| 001 - CONTROL NUMBER | |
| control field | 77154 |
| 003 - CONTROL NUMBER IDENTIFIER | |
| rucl marc code | BD-RjUL |
| 005 - DATE AND TIME OF LATEST TRANSACTION | |
| control field | 20211209082931.0 |
| 008 - FIXED-LENGTH DATA ELEMENTS--GENERAL INFORMATION | |
| fixed length control field | 200226s1985 bg ||||| |||| 00| 0 ben d |
| 035 ## - SYSTEM CONTROL NUMBER | |
| System control number | (BD-RjUL)77378 |
| 040 ## - CATALOGING SOURCE | |
| Original cataloging agency | BD-RjUL |
| Language of cataloging | ben |
| Transcribing agency | BD-RjUL |
| Modifying agency | BD-RjUL |
| 041 ## - LANGUAGE CODE | |
| Language code of text/sound track or separate title | ben |
| 082 ## - DEWEY DECIMAL CLASSIFICATION NUMBER | |
| Edition number | 23 |
| Classification number | 934.92 |
| Author mark and year | ZAB V-1 1985 |
| 100 1# - MAIN ENTRY--PERSONAL NAME | |
| Personal name | যাকারিয়া, আ. কা. মো. |
| 9 (RLIN) | 239987 |
| 245 10 - TITLE STATEMENT | |
| Title | বাংলাদেশের প্রাচীন কীর্তি / |
| Statement of responsibility, etc. | আ. কা. মো যাকারিয়া |
| 260 ## - PUBLICATION, DISTRIBUTION, ETC. (IMPRINT) | |
| Place of publication, distribution, etc. | ঢাকা : |
| Name of publisher, distributor, etc. | বাংলাদেশ শিশু একাডেমী, |
| Date of publication, distribution, etc. | [১৯৮৫] |
| 300 ## - PHYSICAL DESCRIPTION | |
| Pagination | খন্ড. : |
| Illustrations | চিত্র ; |
| Size | ২২ সেমি. |
| 505 0# - FORMATTED CONTENTS NOTE | |
| Formatted contents note | খন্ড ১. (হিন্দু ও বৌদ্ধ যুগ) -- |
| 650 ## - SUBJECT ADDED ENTRY--TOPICAL TERM | |
| Topical term or geographic name as entry element | প্রাচীন ইতিহাস |
| Geographic subdivision | বাংলাদেশ |
| 9 (RLIN) | 239818 |
| Topical term or geographic name as entry element | Ancient History |
| Geographic subdivision | Bangladesh |
| 9 (RLIN) | 239819 |
| 942 ## - ADDED ENTRY ELEMENTS (KOHA) | |
| Source of classification or shelving scheme | Dewey Decimal Classification |
| Koha item type | Books |
| Lost status | Source of classification or shelving scheme | Damaged status | Not for loan | Collection code | Permanent Location | Current Location | Shelving location | Date acquired | Source of acquisition | Total Checkouts | Full call number | Date last seen | Copy number | Koha item type |
|---|---|---|---|---|---|---|---|---|---|---|---|---|---|---|
| Dewey Decimal Classification | Not For Loan | Rare Books | Central Library, University of Rajshahi | Central Library, University of Rajshahi | Rare Book Section | 11/07/1990 | Dhaka, Shawkat Osman | BRA 934.92 ZAB V-1 1985 | 26/02/2020 | C-1 | Rare Books |